000 00561nam a2200217Ia 4500
003 GCL
008 140319s9999 xx 000 0 eng d
040 _aGCL /
_cGCL
082 0 4 _a930
_bP I
100 1 _aPALANQUE, JEAN-REMY
245 1 0 _aLES IMPERIALISMES ANTIQUES /
_cPALANQUE, JEAN-REMY
260 _a[S.N] :
_bPRESSES UNIVERSITAIRES DE FRANCE ،
_c1960
300 _a120 P
650 0 4 _aHELLENISTIC
650 0 4 _aANCIENT EGYPT
650 0 4 _aIMPERIALISM
650 0 4 _aROMAN
650 0 4 _aASSYRIEN
650 0 4 _aHISTORY, ANCIENT
942 _2ddc
_cBK
999 _c11245
_d11245